| 000 | 01777nam a22003137a 4500 | ||
|---|---|---|---|
| 999 |
_c21870 _d21870 |
||
| 003 | AR-CdUCM | ||
| 008 | 190425b ||||| |||| 00| 0 spa d | ||
| 040 |
_aMUNICIPALIDAD PROVINCIAL DEL CUSCO _cBIBLIOTECA MUNICIPAL DEL CUSCO |
||
| 082 | _aRev.DIMA/N°22/1970 | ||
| 110 |
_aInstituto y Museo Arqueológico de la Universidad Nacional del Cuzco _946550 |
||
| 245 |
_aRevista del Museo e Instituto Arqueológico / _cLuis A. Pardo, director, Universidad Nacional del Cuzco |
||
| 260 |
_aCusco : _bH.G. Rozas, _c1970. |
||
| 300 |
_a284 páginas. : _bilustraciones ; _c21 cm. |
||
| 440 |
_aRevista del Museo e Instituto Arqueológico. _nAño XV, 1970. N°22. _946574 |
||
| 500 | _aPrimer ejemplar de la revista sin tapa. | ||
| 505 | _aContenido: Un caso de trepanación craneana en vivo realizado con instrumentos pre colombinos del Museo Arqueológico. Sergio A. Quevedo. -- La guerra de los Quechuas con los Chancas. Luis A. Pardo. -- Buscando lo peruano. Alfredo Yépez Miranda. -- La leyenda del Coropuna. Víctor Pérez . Crónica de la donación hecha por el Señor Orihuela Yábar a la Universidad Nacional del Cuzco. -- Discurso pronunciado. Luis A. Pardo, José Orihuela, Horacio Villanueva. -- Inventario de los vasos de madera o Queros de la colección José Orihuela Yábar. Manuel Chávez Ballón. | ||
| 650 |
_aTrepanación craneana _946575 |
||
| 650 |
_aInkas _91899 |
||
| 650 |
_aChankas _946576 |
||
| 650 |
_aPikillaqta _946557 |
||
| 650 |
_aPatrimonio mueble _946577 |
||
| 700 |
_aPardo, Luis A. _925736 |
||
| 700 |
_aYépez Miranda, Alfredo _94230 |
||
| 700 |
_aOrihuela Yávar, José _946578 |
||
| 700 |
_aVillanueva Urteaga, Horacio _95790 |
||
| 710 |
_aUniversidad Nacional de San Antonio Abad del Cusco _915942 |
||
| 942 |
_2ddc _cPP |
||
| 945 | _arac | ||